[Event "BABIJ    BAGIJ"]
[Site "SchemingMind.com"]
[Date "2017.12.17"]
[Round "-"]
[White "The Stonewall"]
[Black "Transcendent"]
[Result "1-0"]
[WhiteCountry "ENG"]
[BlackCountry "ENG"]
[WhiteElo "2319"]
[WhiteRD "91"]
[BlackElo "1325"]
[BlackRD "58"]
[GameID "421887"]

1. d4 d5 2. Bf4 Nf6 3. e3 c5 4. c3 Qb6 5. Qc2 Nc6 6. Nd2 e6 7. h3 Bd7 8. Ngf3 Be7 9. Be2 Rc8 10. Rc1 O-O
11. O-O cxd4 12. exd4 Na5 13. Ne5 Nc6 14. Nxd7 Nxd7 15. Qb1 Nf6 16. Bd3 a6 17. Nf3 Na5 18. Qc2 g6 19. Rfe1 Nc4 20. Qe2 Nd6
21. Ne5 Qd8 22. h4 Nh5 23. Bh6 Re8 24. g4
1-0

[Event "BABIJ    BAGIJ"]
[Site "SchemingMind.com"]
[Date "2017.12.13"]
[Round "-"]
[White "Transcendent"]
[Black "The Stonewall"]
[Result "0-1"]
[WhiteCountry "ENG"]
[BlackCountry "ENG"]
[WhiteElo "1567"]
[WhiteRD "72"]
[BlackElo "2303"]
[BlackRD "96"]
[GameID "421888"]

1. d4 e6 2. e4 d5 3. Nc3 Bb4 4. e5 c5 5. a3 Bxc3+ 6. bxc3 Qa5 7. Bd2 Qa4 8. Qg4 Kf8 9. Qd1 b6 10. dxc5 Qe4+
11. Be3 Qxe5 12. c4 bxc5 13. Nf3 Qd6 14. cxd5 exd5 15. g3 Nf6 16. Bf4 Qe6+ 17. Qe2 Qb6 18. Bg2 Ba6 19. Qe5 Nc6 20. Ng5 Nxe5
0-1

[Event "BABIJ    BAGIJ"]
[Site "SchemingMind.com"]
[Date "2017.12.17"]
[Round "-"]
[White "The Stonewall"]
[Black "ray winteringham"]
[Result "1-0"]
[WhiteCountry "ENG"]
[BlackCountry "ENG"]
[WhiteElo "2360"]
[WhiteRD "93"]
[BlackElo "1443"]
[BlackRD "51"]
[GameID "421889"]

1. e4 g6 2. c4 Bg7 3. Nc3 e6 4. d4 d6 5. Be3 Ne7 6. Qd2 Bd7 7. Nf3 b6 8. O-O-O c5 9. Bh6 O-O 10. Bxg7 Kxg7
11. h4 Nbc6 12. dxc5 bxc5 13. h5 Qc7 14. hxg6 fxg6 15. Qh6+ Kf7 16. Nb5 Qa5 17. Nxd6+ Kf6 18. e5+ Nxe5 19. Qh4+
1-0

[Event "BABIJ    BAGIJ"]
[Site "SchemingMind.com"]
[Date "2017.12.12"]
[Round "-"]
[White "ray winteringham"]
[Black "The Stonewall"]
[Result "0-1"]
[WhiteCountry "ENG"]
[BlackCountry "ENG"]
[WhiteElo "1443"]
[WhiteRD "51"]
[BlackElo "2360"]
[BlackRD "93"]
[GameID "421890"]

1. e4 g6 2. d4 Bg7 3. h3 d6 4. Nf3 Nd7 5. c3 e5 6. d5 Ne7 7. Qc2 O-O 8. Be2 a5 9. a4 f5 10. Bg5 fxe4
11. Qxe4 Nf6 12. Bxf6 Rxf6 13. Nbd2 Rf4 14. Qc2 Nxd5 15. Qb3 Be6 16. Qc2 Nb6 17. g3 Rf7 18. h4 Bf5 19. Bd3 d5 20. Bxf5 Rxf5
21. O-O-O Qd7 22. b3 Raf8 23. Ng5 Rxf2 24. Qd3 Qe7 25. Qb5 e4 26. Rhe1 Qa3+ 27. Kb1 Bxc3
0-1

[Event "BABIJ    BAGIJ"]
[Site "SchemingMind.com"]
[Date "2017.12.17"]
[Round "-"]
[White "The Stonewall"]
[Black "Chessibelle"]
[Result "1-0"]
[WhiteCountry "ENG"]
[BlackCountry "ENG"]
[WhiteElo "2360"]
[WhiteRD "93"]
[BlackElo "1107"]
[BlackRD "60"]
[GameID "421891"]

1. e4 e5 2. Nc3 Ne7 3. Bc4 g6 4. Qf3 d5 5. exd5 Qd6 6. Nb5 Qd8 7. Qf6 Rg8 8. d6 Rg7 9. Nxc7+ Kd7 10. Bxf7 Kc6
11. dxe7+ Kxc7 12. exd8=Q#
1-0

[Event "BABIJ    BAGIJ"]
[Site "SchemingMind.com"]
[Date "2017.12.12"]
[Round "-"]
[White "Chessibelle"]
[Black "The Stonewall"]
[Result "0-1"]
[WhiteCountry "ENG"]
[BlackCountry "ENG"]
[WhiteElo "1107"]
[WhiteRD "60"]
[BlackElo "2360"]
[BlackRD "93"]
[GameID "421892"]

1. e4 g6 2. d3 Bg7 3. Bd2 Bxb2 4. Nc3 Bxa1 5. Qxa1 e5 6. g3 d6 7. Nf3 Ne7 8. Bg2 O-O 9. O-O f5 10. Ng5 Nbc6
11. Ne2 Bd7 12. Bc1 a5 13. Qc3 h6 14. Nh3 Kh7 15. f4 Qc8 16. Qd2 Ng8 17. Bb2 fxe4 18. Nf2 exd3 19. cxd3 Bf5 20. a3 Qe6
21. Bc3 a4 22. Rc1 Qb3 23. Ra1 Qb6 24. Kf1 Na5 25. d4 Nb3 26. Qe3 Nxa1 27. Bxa1 Qb1+ 28. Nc1 Qxa1 29. Bxb7 Rab8 30. Bc6 Rb1
31. Kg2 Rxc1 32. g4 Rxc6 33. Qh3 Qxd4 34. g5 Bxh3+
0-1

[Event "BABIJ    BAGIJ"]
[Site "SchemingMind.com"]
[Date "2017.12.17"]
[Round "-"]
[White "The Stonewall"]
[Black "JAHI"]
[Result "1-0"]
[WhiteCountry "ENG"]
[BlackCountry "INT"]
[WhiteElo "2309"]
[WhiteRD "81"]
[BlackElo "2127"]
[BlackRD "70"]
[GameID "421893"]

1. d4 h6 2. e4 g6 3. Nc3 Bg7 4. Be3 e6 5. Qd2 Ne7 6. O-O-O d6 7. Nf3 Nd7 8. h4 e5 9. Be2 exd4 10. Nxd4 h5
11. Bg5 Nb6 12. f3 Qd7 13. g4 Nc6 14. Nxc6 bxc6 15. gxh5 Rxh5 16. e5 Kf8 17. f4 Rxg5 18. fxg5 dxe5 19. Bf3 Rb8 20. b3 Kg8
21. Ne4 Qd4 22. Qc3 Qxc3 23. Nxc3 Bd7 24. Ne4 Bf5 25. c4 Nd7 26. Ng3 Nc5 27. Nxf5 gxf5 28. Bxc6 e4 29. Rhf1 Nd3+ 30. Rxd3 exd3
31. Rxf5 Bc3 32. Bd5 Rd8 33. Rf3 Bb4 34. Rxd3 Kg7 35. Rf3 Rf8 36. h5 f6 37. h6+ Kg6 38. gxf6 Kxh6 39. Kc2 Kg6 40. Be4+ Kf7
41. Kd3 Ke6 42. Bd5+ Kd7 43. f7 c6 44. Be4 Ke7 45. Bg6 Rh8 46. Rf5 Kf8 47. Bh5 Be7 48. Ra5 Bb4 49. Re5 Be7 50. c5 Rh6
51. b4 Rf6 52. Kc4 Rf4+ 53. Kb3 Rf1 54. Ka4 Rf2 55. a3 Rh2 56. Ka5 Rh3 57. a4 Rh2 58. Rf5 Ra2 59. Bd1 Rg2 60. Rf3 Rg4
61. Rd3 Rf4 62. Bb3 Rg4 63. Re3 Bd8+ 64. Ka6 Be7 65. b5 cxb5 66. c6 Rg5 67. c7 Rc5 68. Rg3 Bg5 69. Rxg5 Rc6+ 70. Kb7 Rc4
71. Bxc4 bxc4 72. c8=Q+ Kxf7 73. Qf5+ Ke7 74. Rg7+ Kd6 75. Rd7#
1-0

[Event "BABIJ    BAGIJ"]
[Site "SchemingMind.com"]
[Date "2017.12.17"]
[Round "-"]
[White "JAHI"]
[Black "The Stonewall"]
[Result "0-1"]
[WhiteCountry "INT"]
[BlackCountry "ENG"]
[WhiteElo "2184"]
[WhiteRD "73"]
[BlackElo "2365"]
[BlackRD "91"]
[GameID "421894"]

1. a3 g6 2. b3 Bg7 3. c3 Nf6 4. Bb2 O-O 5. c4 d6 6. Bxf6 Bxf6 7. Nc3 e5 8. e3 c6 9. Bd3 Be6 10. Nge2 Qe7
11. Rc1 Nd7 12. Bb1 d5 13. cxd5 cxd5 14. Nb5 Rad8 15. b4 Nb6 16. d3 d4 17. exd4 exd4 18. Rc5 Rc8 19. Rxc8 Rxc8 20. Kf1 Bg4
21. f3 Nd5 22. Qd2 Bg5 23. Qe1 Bh4 24. Ng3 Qxe1+ 25. Kxe1 Bxg3+ 26. Ke2 Re8+ 27. Kd1 Bd7 28. hxg3 Bxb5 29. Kc1 Nc3 30. Bc2 Re2
31. Rh2 Rf2 32. g4 Bc6 33. g5 Bxf3 34. Rh3 Bg4 35. Rh2 Be6 36. Kb2 Nd1+ 37. Kb1 Ne3 38. Ba4 b5 39. Bxb5 Nd1 40. Ba4 Nc3+
41. Kc1 Nxa4 42. Rh4 Nc3 43. Rf4 Rxf4 44. Kd2 Rf1 45. Kc2 Rf2+ 46. Kc1 Bb3 47. g3 Rc2#
0-1

[Event "BABIJ    BAGIJ"]
[Site "SchemingMind.com"]
[Date "2017.12.13"]
[Round "-"]
[White "grabapawn"]
[Black "davidcook"]
[Result "1/2-1/2"]
[WhiteCountry "USA"]
[BlackCountry "ENG"]
[WhiteElo "1543"]
[WhiteRD "52"]
[BlackElo "1801"]
[BlackRD "84"]
[GameID "421931"]

1. d4 d5 2. Bf4 Nf6 3. e3 e6 4. Nf3 c5 5. c3 Nc6 6. Nbd2 Bd6 7. Bg3 O-O 8. Bd3 Qe7 9. Ne5 Nd7 10. Nxd7 Qxd7
11. Bxd6 Qxd6 12. dxc5 Qxc5 13. Bxh7+ Kxh7 14. Qh5+ Kg8 15. Ne4 g6 16. Qg5 Qe7 17. Nf6+ Kg7 18. Nh5+ Kg8 19. Nf6+ Kg7=
1/2-1/2

[Event "BABIJ    BAGIJ"]
[Site "SchemingMind.com"]
[Date "2017.12.13"]
[Round "-"]
[White "davidcook"]
[Black "grabapawn"]
[Result "0-1"]
[WhiteCountry "ENG"]
[BlackCountry "USA"]
[WhiteElo "1801"]
[WhiteRD "84"]
[BlackElo "1543"]
[BlackRD "52"]
[GameID "421932"]

1. e4 d6 2. d4 Nf6 3. Nc3 Nbd7 4. Nf3 e5 5. Bc4 Be7 6. O-O c6 7. a4 a5 8. h3 h6 9. Re1 Qc7 10. Ba2 g5
11. Nh2 Nf8 12. Be3 Ng6 13. Nf1 Nf4 14. Ne2 g4 15. Nxf4 exf4 16. Bxf4 gxh3 17. g3 Ng4 18. Ne3 h2+ 19. Kh1 Nxf2+
0-1

[Event "BABIJ    BAGIJ"]
[Site "SchemingMind.com"]
[Date "2017.12.18"]
[Round "-"]
[White "The Stonewall"]
[Black "davidcook"]
[Result "1-0"]
[WhiteCountry "ENG"]
[BlackCountry "ENG"]
[WhiteElo "2365"]
[WhiteRD "91"]
[BlackElo "1844"]
[BlackRD "78"]
[GameID "421933"]

1. e4 e5 2. Nf3 Nc6 3. Nc3 Nf6 4. g3 Bc5 5. Bg2 d6 6. O-O Nd4 7. Nxd4 Bxd4 8. Ne2 Bb6 9. d4 Bg4 10. f3 Be6
11. Be3 O-O 12. Qd2 c6 13. Rad1 Qe7 14. b3 Rfe8 15. c4 Rad8 16. Qc3 Bc8 17. Rd2 a6 18. Rfd1 h6 19. Rd3 Nd7 20. Bf2 Nf6
21. dxe5 Bxf2+ 22. Kxf2 dxe5 23. Rxd8 Rxd8 24. Rxd8+ Qxd8 25. Qxe5 Nd7 26. Qd4 Qe7 27. Bh3
1-0

[Event "BABIJ    BAGIJ"]
[Site "SchemingMind.com"]
[Date "2017.12.14"]
[Round "-"]
[White "davidcook"]
[Black "The Stonewall"]
[Result "0-1"]
[WhiteCountry "ENG"]
[BlackCountry "ENG"]
[WhiteElo "1875"]
[WhiteRD "69"]
[BlackElo "2290"]
[BlackRD "94"]
[GameID "421934"]

1. e4 g6 2. d4 Bg7 3. Nc3 d6 4. Nf3 a6 5. Be3 b5 6. Bd3 Bb7 7. O-O Nd7 8. a4 b4 9. Ne2 Ngf6 10. Ng3 O-O
11. c3 bxc3 12. bxc3 c5 13. a5 Qc7 14. h3 e6 15. Qd2 Bc6 16. Bh6 c4 17. Bxg7 Kxg7 18. Bc2 Rfb8 19. Qe2 Rb2 20. Rfb1 Rab8
21. Rxb2 Rxb2 22. Rb1 Rxb1+ 23. Bxb1 Qxa5 24. Qxc4 Bxe4 25. Nxe4 d5 26. Qb3 Nxe4 27. Bxe4 dxe4 28. Nd2 Qa1+ 29. Kh2 Qe1
0-1

[Event "BABIJ    BAGIJ"]
[Site "SchemingMind.com"]
[Date "2017.12.13"]
[Round "-"]
[White "Scooter"]
[Black "davidcook"]
[Result "0-1"]
[WhiteCountry "USA"]
[BlackCountry "ENG"]
[WhiteElo "1685"]
[WhiteRD "55"]
[BlackElo "1801"]
[BlackRD "84"]
[GameID "421935"]

1. d4 d6 2. Nf3 Bg4 3. Bf4 Bxf3 4. exf3 Nd7 5. Nd2 g6 6. g3 Bg7 7. Be3 e5 8. dxe5 Nxe5 9. f4 Nc6 10. c3 Nge7
11. Bg2 Nf5 12. Qa4 O-O 13. Bxc6 bxc6 14. Qxc6 Re8 15. Nf1 Rb8 16. b3 Rb6 17. Qd5 Bxc3+ 18. Kd1 Nxe3+
0-1

[Event "BABIJ    BAGIJ"]
[Site "SchemingMind.com"]
[Date "2017.12.13"]
[Round "-"]
[White "davidcook"]
[Black "Scooter"]
[Result "1-0"]
[WhiteCountry "ENG"]
[BlackCountry "USA"]
[WhiteElo "1801"]
[WhiteRD "84"]
[BlackElo "1685"]
[BlackRD "55"]
[GameID "421936"]

1. e4 c6 2. d4 d5 3. e5 Bf5 4. Nf3 e6 5. Be2 Nd7 6. O-O c5 7. c4 dxc4 8. Bxc4 cxd4 9. Nxd4 Bxb1 10. Rxb1 Nxe5
11. Qa4+ Nd7 12. Rd1 Nf6 13. Bg5 Be7 14. Bxf6 Bxf6 15. Nxe6 fxe6 16. Bxe6
1-0

[Event "BABIJ    BAGIJ"]
[Site "SchemingMind.com"]
[Date "2017.12.13"]
[Round "-"]
[White "Transcendent"]
[Black "davidcook"]
[Result "1/2-1/2"]
[WhiteCountry "ENG"]
[BlackCountry "ENG"]
[WhiteElo "1701"]
[WhiteRD "69"]
[BlackElo "1844"]
[BlackRD "78"]
[GameID "421937"]

1. d4 d6 2. c4 e5 3. dxe5 dxe5 4. Qxd8+ Kxd8 5. Nc3 Be6 6. b3 Nd7 7. Bb2 c6 8. O-O-O Kc7 9. Nf3 f6 10. e3 a5
11. Be2 Ne7 12. h3 Nc8 13. Rd2 Nc5 14. Rhd1 Nd6 15. Bd3 Be7 16. Ba3 Nxd3+ 17. Rxd3 Rhd8 18. R3d2 Nf5 19. Bxe7= Nxe7 20. Na4 Rxd2=
1/2-1/2

[Event "BABIJ    BAGIJ"]
[Site "SchemingMind.com"]
[Date "2017.12.13"]
[Round "-"]
[White "davidcook"]
[Black "Transcendent"]
[Result "1-0"]
[WhiteCountry "ENG"]
[BlackCountry "ENG"]
[WhiteElo "1844"]
[WhiteRD "78"]
[BlackElo "1701"]
[BlackRD "69"]
[GameID "421938"]

1. e4 e6 2. Nf3 d5 3. e5 c5 4. b4 cxb4 5. d4 Nc6 6. a3 Bd7 7. axb4 Bxb4+ 8. c3 Bf8 9. Bd3 a6 10. O-O Nge7
11. Ba3 Ng6 12. Bxf8 Kxf8 13. Nbd2 Rc8 14. Nb3 Ke7 15. Qd2 f6 16. Rfe1 Rf8 17. Nc5 fxe5 18. Bxg6 hxg6 19. Nxe5 Nxe5 20. Rxe5 Rf5
21. Re3 Qc7 22. g4 Rf6 23. Rae1 Qc6 24. Qe2 Re8 25. g5 Rf5 26. Nxe6 Kf7 27. Nc5 Rxg5+ 28. Kh1 Rxe3 29. Qxe3 Rh5 30. Qe7+ Kg8
31. Qxd7 Qf6 32. Qe6+
1-0

[Event "BABIJ    BAGIJ"]
[Site "SchemingMind.com"]
[Date "2017.12.13"]
[Round "-"]
[White "ray winteringham"]
[Black "davidcook"]
[Result "1-0"]
[WhiteCountry "ENG"]
[BlackCountry "ENG"]
[WhiteElo "1443"]
[WhiteRD "51"]
[BlackElo "1801"]
[BlackRD "84"]
[GameID "421939"]

1. e4 e5 2. Nf3 Nc6 3. Bb5 f5 4. d3 Nf6 5. Qe2 fxe4 6. Bxc6 exf3 7. Qxe5+ Qe7 8. Qxe7+ Bxe7 9. Bxf3 O-O 10. Be3 c6
11. Nd2 d5 12. h3 Bf5 13. g4 Bg6 14. b3 Bb4 15. O-O Nd7 16. a3 Bxd2 17. Bxd5+ cxd5 18. Bxd2
1-0

[Event "BABIJ    BAGIJ"]
[Site "SchemingMind.com"]
[Date "2017.12.13"]
[Round "-"]
[White "davidcook"]
[Black "ray winteringham"]
[Result "1-0"]
[WhiteCountry "ENG"]
[BlackCountry "ENG"]
[WhiteElo "1801"]
[WhiteRD "84"]
[BlackElo "1443"]
[BlackRD "51"]
[GameID "421940"]

1. e4 c5 2. d4 cxd4 3. c3 e5 4. Nf3 f6 5. Bc4 Nc6 6. cxd4 d6 7. h3 a6 8. a3 Bd7 9. O-O Qb6 10. Be3 Qxb2
11. Ra2 Qb6 12. dxe5 Qc7 13. exd6 Bxd6 14. Rb2 O-O-O 15. Bb6 Qb8 16. Bxd8 Nxd8 17. Bxa6 Bc6 18. Qd3 Qc7 19. Bb5 Ne7 20. Rc1 Qd7
21. Rd2 Nf7 22. Bxc6 bxc6 23. Nc3 Rd8 24. Nd5 Qe8 25. Qa6+ Kd7 26. Qb7+ Ke6 27. Nd4+ Ke5 28. f4+ Kxe4 29. Re1+ Kxd5 30. Qb3+ Kc5
31. Rc1#
1-0

[Event "BABIJ    BAGIJ"]
[Site "SchemingMind.com"]
[Date "2017.12.13"]
[Round "-"]
[White "davidcook"]
[Black "Chessibelle"]
[Result "1-0"]
[WhiteCountry "ENG"]
[BlackCountry "ENG"]
[WhiteElo "1801"]
[WhiteRD "84"]
[BlackElo "1107"]
[BlackRD "60"]
[GameID "421942"]

1. e4 e5 2. f4 Nc6 3. Nf3 g6 4. Bc4 Nf6 5. Nc3 d6 6. fxe5 dxe5 7. Ng5 Bg4 8. Ne2 a6 9. Nxf7 Qc8 10. Nxh8 Qd7
11. h3 Be6 12. Bxe6 Qxe6 13. Nc3 O-O-O 14. d3 Bg7 15. Nxg6 hxg6 16. O-O Rh8 17. Bg5 Nd4 18. Bxf6 Bxf6 19. Nd5 Bg5 20. c3 Nc6
21. Qf3 Rd8 22. Qf7 Qd6 23. Qf3 Qe6 24. Qg4 Kd7 25. Rf7+ Kd6 26. Qxe6+ Kxe6 27. Rxc7 Rf8 28. Rf1 Rh8 29. Rxb7 a5 30. Rff7 Bc1
31. Rf6#
1-0

[Event "BABIJ    BAGIJ"]
[Site "SchemingMind.com"]
[Date "2017.12.13"]
[Round "-"]
[White "JAHI"]
[Black "davidcook"]
[Result "1-0"]
[WhiteCountry "INT"]
[BlackCountry "ENG"]
[WhiteElo "2172"]
[WhiteRD "70"]
[BlackElo "1801"]
[BlackRD "84"]
[GameID "421943"]

1. a3 g6 2. b3 Bg7 3. c3 Nf6 4. Bb2 d6 5. c4 e5 6. e3 O-O 7. d3 Nc6 8. d4 exd4 9. exd4 Re8+ 10. Be2 Nh5
11. g3 Nf6 12. Nc3 Re7 13. h3 Bd7 14. Nf3 Ne8 15. Kf1 f5 16. Kg2 Nf6 17. Re1 Qf8 18. Nd5 Nxd5 19. cxd5 Nd8 20. Qc2 c6
21. Bc4 Kh8 22. Rxe7 Qxe7 23. dxc6 Nxc6 24. Re1 Qf8 25. d5 Na5 26. Bxg7+ Qxg7 27. Bd3 b6 28. b4 Nb7 29. Qc7 Nd8 30. Qxd6 Nb7
31. Qc7
1-0

[Event "BABIJ    BAGIJ"]
[Site "SchemingMind.com"]
[Date "2017.12.13"]
[Round "-"]
[White "davidcook"]
[Black "JAHI"]
[Result "0-1"]
[WhiteCountry "ENG"]
[BlackCountry "INT"]
[WhiteElo "1801"]
[WhiteRD "84"]
[BlackElo "2172"]
[BlackRD "70"]
[GameID "421944"]

1. e4 a6 2. d4 b6 3. Nc3 Bb7 4. f4 e6 5. Bd3 d6 6. Nf3 Nd7 7. Bd2 g6 8. Qe2 Bg7 9. g4 e5 10. dxe5 dxe5
11. f5 Nc5 12. O-O-O Nxd3+ 13. Qxd3 Qxd3 14. cxd3 Ne7 15. Be3 gxf5 16. gxf5 Nxf5 17. exf5 Bxf3
0-1

[Event "BABIJ    BAGIJ"]
[Site "SchemingMind.com"]
[Date "2017.12.13"]
[Round "-"]
[White "grabapawn"]
[Black "Black Knight"]
[Result "1-0"]
[WhiteCountry "USA"]
[BlackCountry "USA"]
[WhiteElo "1543"]
[WhiteRD "52"]
[BlackElo "1351"]
[BlackRD "51"]
[GameID "421950"]

1. d4 Nf6 2. Bf4 d6 3. e3 e5 4. dxe5 Ne4 5. f3 Nc5 6. Nc3 Be6 7. Nge2 Nc6 8. g4 Nxe5 9. Bxe5 dxe5 10. Qxd8+ Rxd8
11. Rd1 Be7 12. Ng3 Rxd1+ 13. Kxd1 O-O 14. Nge4 Nxe4 15. Nxe4 Bxa2 16. h4 Rd8+ 17. Kc1 Bb4 18. Bd3 c5 19. Rh2 c4 20. Bf1 b5
21. Nc3 Bxc3 22. bxc3 b4 23. cxb4 c3 24. Bd3 Bd5 25. e4 Ba8 26. Kb1 Rb8 27. b5 g6 28. Ka2 a6 29. bxa6 Rb2+ 30. Ka3 Bc6
31. g5 Ba8 32. Ka4 Ra2+ 33. Kb4 Bc6 34. Kxc3 Ra3+ 35. Kb2 f5 36. Kxa3 f4 37. c4
1-0

[Event "BABIJ    BAGIJ"]
[Site "SchemingMind.com"]
[Date "2017.12.13"]
[Round "-"]
[White "Black Knight"]
[Black "grabapawn"]
[Result "1-0"]
[WhiteCountry "USA"]
[BlackCountry "USA"]
[WhiteElo "1351"]
[WhiteRD "51"]
[BlackElo "1543"]
[BlackRD "52"]
[GameID "421951"]

1. Nf3 d6 2. g3 Nf6 3. Bg2 Nbd7 4. d4 e5 5. dxe5 dxe5 6. Bg5 Be7 7. Bxf6 gxf6 8. O-O c6 9. e4 Qc7 10. Nc3 Nf8
11. a3 Bd7 12. Qd2 O-O-O 13. Qe3 Ng6 14. Rad1 b6 15. Rxd7 Rxd7 16. Bh3 Nf4 17. gxf4 Rg8+ 18. Kh1 exf4 19. Qe2 Kb8 20. Bxd7 Qxd7
21. Rd1 Qh3 22. Rg1 Rxg1+ 23. Kxg1 Qg4+ 24. Kf1 Qh3+ 25. Ke1 Qg2 26. Kd2 Qg4 27. Nd4 Qd7 28. Qd3 Bc5 29. Nb3 Qxd3+ 30. cxd3 Bxf2
31. Ke2 Bg1 32. Kf3 Bxh2 33. Nd4 Kc7 34. Nde2 a5 35. Nxf4 Bxf4 36. Kxf4 Kd6 37. Kf5 Ke7 38. Ne2 h6 39. Nf4 b5 40. Nh5 c5
41. Nxf6 a4 42. Nd5+ Kf8 43. Kg4 Kg7 44. Kh5 c4 45. dxc4 bxc4 46. e5 Kf8 47. Kxh6 Ke8 48. Kg5 Kd7 49. Kf6 Kc6 50. Kxf7 Kxd5
51. e6 Kd4 52. e7 Kd3 53. e8=Q Kc2 54. Qxa4+ Kxb2 55. Qxc4 Kxa3 56. Ke6 Kb2 57. Kd5 Ka3 58. Qc5+ Ka4 59. Qb6 Ka3 60. Kc4 Ka2
61. Qb4 Ka1 62. Kc3
1-0

[Event "BABIJ    BAGIJ"]
[Site "SchemingMind.com"]
[Date "2017.12.18"]
[Round "-"]
[White "The Stonewall"]
[Black "Black Knight"]
[Result "1-0"]
[WhiteCountry "ENG"]
[BlackCountry "USA"]
[WhiteElo "2365"]
[WhiteRD "91"]
[BlackElo "1304"]
[BlackRD "47"]
[GameID "421952"]

1. e4 e5 2. Nf3 Nc6 3. d4 exd4 4. Nxd4 Bc5 5. Nxc6 bxc6 6. Bd3 Nf6 7. e5 Nd5 8. c4 Nb4 9. Be2 d6 10. a3 Na6
11. b4 Bb6 12. O-O dxe5 13. c5 Bxc5 14. bxc5 Qxd1 15. Rxd1 O-O 16. Be3 Nb8 17. Nc3 Ba6 18. Bf3 Bc4 19. Rab1 Nd7 20. Rxd7 e4
21. Bxe4 Rab8 22. Rxc7 Rxb1+ 23. Bxb1 Rb8 24. Rxa7 g6 25. Be4 Bd5 26. Bxd5 cxd5 27. g3 Rd8 28. Bd4
1-0

[Event "BABIJ    BAGIJ"]
[Site "SchemingMind.com"]
[Date "2017.12.13"]
[Round "-"]
[White "Black Knight"]
[Black "The Stonewall"]
[Result "0-1"]
[WhiteCountry "USA"]
[BlackCountry "ENG"]
[WhiteElo "1351"]
[WhiteRD "51"]
[BlackElo "2360"]
[BlackRD "93"]
[GameID "421953"]

1. Nf3 g6 2. g3 Bg7 3. Bg2 d6 4. d4 Nd7 5. O-O c6 6. e4 Qc7 7. Be3 Ngf6 8. Nc3 O-O 9. e5 dxe5 10. Re1 Ng4
11. Nxe5 Nxe3 12. Rxe3 Nxe5 13. dxe5 Bxe5 14. Qe1 Bf6 15. Ne4 Bxb2 16. Rd1 Bf5 17. Rb1 Bd4 18. Rd3 Rad8 19. c3 Bxf2+ 20. Nxf2 Bxd3
21. Nxd3 Rxd3 22. Be4 Rd7 23. Rd1 Rxd1 24. Qxd1 Rd8 25. Qe2 Qd7 26. Bf3 e6 27. Kg2 Qd2 28. Kh3 Qh6+ 29. Kg2 Rd2 30. Qxd2 Qxd2+
0-1

[Event "BABIJ    BAGIJ"]
[Site "SchemingMind.com"]
[Date "2017.12.13"]
[Round "-"]
[White "Black Knight"]
[Black "Scooter"]
[Result "0-1"]
[WhiteCountry "USA"]
[BlackCountry "USA"]
[WhiteElo "1351"]
[WhiteRD "51"]
[BlackElo "1685"]
[BlackRD "55"]
[GameID "421954"]

1. Nf3 Nf6 2. g3 g6 3. Bg2 Bg7 4. O-O O-O 5. d3 d6 6. e4 e5 7. Bg5 Bg4 8. Nbd2 Nbd7 9. Qe1 c6 10. Bxf6 Nxf6
11. Nc4 Bxf3 12. Bxf3 Re8 13. Qd2 d5 14. exd5 cxd5 15. Ne3 e4 16. dxe4 dxe4 17. Qxd8 Rexd8 18. Bg2 Bh6 19. Bxe4 Nxe4 20. f3 Bxe3+
21. Kg2 Rd2+ 22. Kh3 Ng5+ 23. Kg4 f5+ 24. Kh4 Rxh2#
0-1

[Event "BABIJ    BAGIJ"]
[Site "SchemingMind.com"]
[Date "2017.12.13"]
[Round "-"]
[White "Scooter"]
[Black "Black Knight"]
[Result "1-0"]
[WhiteCountry "USA"]
[BlackCountry "USA"]
[WhiteElo "1685"]
[WhiteRD "55"]
[BlackElo "1351"]
[BlackRD "51"]
[GameID "421955"]

1. d4 Nf6 2. Nf3 g6 3. Bf4 d6 4. e3 Nc6 5. Bb5 Bd7 6. O-O e5 7. dxe5 Ne4 8. Bxc6 Bxc6 9. exd6 Nxd6 10. Nd4 Bg7
11. Nxc6 bxc6 12. c3 O-O 13. Qa4 Qd7 14. Rd1 Rfd8 15. Nd2 c5 16. Qxd7 Rxd7 17. Nc4 Rad8 18. Ne5 Bxe5 19. Bxe5 f6 20. Bxf6 Rf8
21. Be5 Rfd8 22. h3 Nf7 23. Rxd7 Rxd7 24. Bg3 Ng5 25. Kf1 Ne4 26. Ke1 Nxg3 27. fxg3 Rd3 28. Ke2 c4 29. Rd1 Rxd1 30. Kxd1 Kf7
31. Ke2 Ke6 32. Kf3 Ke5 33. e4 g5 34. g4 h6 35. g3 c6 36. b4 cxb3 37. axb3 c5 38. b4 c4 39. Ke3 a6 40. h4
1-0

[Event "BABIJ    BAGIJ"]
[Site "SchemingMind.com"]
[Date "2017.12.13"]
[Round "-"]
[White "Black Knight"]
[Black "Transcendent"]
[Result "0-1"]
[WhiteCountry "USA"]
[BlackCountry "ENG"]
[WhiteElo "1304"]
[WhiteRD "47"]
[BlackElo "1701"]
[BlackRD "69"]
[GameID "421956"]

1. e4 e6 2. d4 d5 3. e5 c5 4. Nf3 cxd4 5. Nxd4 Nc6 6. Bb5 Bd7 7. Nxc6 bxc6 8. Bd3 c5 9. b3 Ne7 10. O-O Nc6
11. Bb2 Be7 12. Nd2 O-O 13. c4 Qc7 14. Re1 d4 15. Nf3 Bc8 16. Qc2 h6 17. Be4 Bb7 18. a3 Rad8 19. Bxc6 Qxc6 20. Qd3 Rd7
21. b4 cxb4 22. Nxd4 Qxg2#
0-1

[Event "BABIJ    BAGIJ"]
[Site "SchemingMind.com"]
[Date "2017.12.13"]
[Round "-"]
[White "Transcendent"]
[Black "Black Knight"]
[Result "1-0"]
[WhiteCountry "ENG"]
[BlackCountry "USA"]
[WhiteElo "1701"]
[WhiteRD "69"]
[BlackElo "1304"]
[BlackRD "47"]
[GameID "421957"]

1. d4 Nf6 2. c4 g6 3. g3 Bg7 4. Bg2 e6 5. Nc3 O-O 6. e4 b6 7. e5 Nd5 8. cxd5 exd5 9. Bxd5 Nc6 10. Nge2 Rb8
11. O-O Bb7 12. Bg2 Nb4 13. Bxb7 Rxb7 14. a3 Nc6 15. f4 d5 16. Be3 f6 17. Qb3 Ne7 18. Nb5 Nc6 19. Rac1 Na5 20. Qb4 Nc4
21. Bf2 a6 22. Nbc3 a5 23. Qa4 Nxb2 24. Qb3 Nd3 25. Rcd1 Nxf2 26. Rxf2 b5 27. Qxd5+ Qxd5 28. Nxd5 c6 29. Ne3 Rd8 30. Ng4 f5
31. Ne3 Bf8 32. d5 cxd5 33. Nxd5 Bc5 34. Nf6+ Kg7 35. Rxd8 Bxf2+ 36. Kxf2 Kh6 37. Rd7
1-0

[Event "BABIJ    BAGIJ"]
[Site "SchemingMind.com"]
[Date "2017.12.13"]
[Round "-"]
[White "Black Knight"]
[Black "ray winteringham"]
[Result "0-1"]
[WhiteCountry "USA"]
[BlackCountry "ENG"]
[WhiteElo "1351"]
[WhiteRD "51"]
[BlackElo "1443"]
[BlackRD "51"]
[GameID "421958"]

1. e4 c5 2. f4 d5 3. exd5 Qxd5 4. Nc3 Qd8 5. Be2 Bf5 6. d3 e6 7. h3 Qh4+ 8. Kd2 Qxf4+ 9. Ke1 Qg3+ 10. Kd2 Qxg2
11. Nf3 Qg6 12. Ke1 Bd6 13. Nh4 Qg3+ 14. Kf1 Bxh3+ 15. Rxh3 Qxh3+ 16. Ng2 Nf6 17. Bg5 Bg3 18. Bf3 Qf5 19. Bxf6 Qxf6 20. Kg1 Nc6
21. Ne4 Qd4+ 22. Kf1 Bc7 23. Nf2 Bg3 24. Qe2 Qxb2 25. Qd1 b6 26. Bxc6+ Ke7 27. Ne4 Be5 28. Rb1 Qxa2 29. Bxa8 Rxa8 30. Qe1 Qxc2
31. d4 Bxd4 32. Rc1 Qd3+ 33. Qe2 Qh3 34. Ng5 Qh1#
0-1

[Event "BABIJ    BAGIJ"]
[Site "SchemingMind.com"]
[Date "2017.12.13"]
[Round "-"]
[White "ray winteringham"]
[Black "Black Knight"]
[Result "1-0"]
[WhiteCountry "ENG"]
[BlackCountry "USA"]
[WhiteElo "1443"]
[WhiteRD "51"]
[BlackElo "1351"]
[BlackRD "51"]
[GameID "421959"]

1. e4 e5 2. Bc4 Nf6 3. d3 Bc5 4. h3 O-O 5. Bd2 d6 6. f3 a6 7. Nc3 c6 8. Qe2 b5 9. Bb3 b4 10. Nd1 Ba7
11. Be3 c5 12. c3 Nc6 13. Qc2 Bd7 14. Ne2 Qc7 15. O-O Qc8 16. Nf2 c4 17. Bxa7 cxb3 18. Qxb3 Rxa7 19. a3 bxc3 20. Qxc3 Rb7
21. Rfb1 Nd4 22. Nxd4 Qxc3 23. bxc3 Rxb1+ 24. Rxb1 exd4 25. c4 Ba4 26. Rb6 Bc2 27. Rxa6 Rd8 28. Kf1 Ne8 29. Ke1 Nc7 30. Rb6 Ne6
31. Kd2 Ba4 32. g3 Nc5 33. Kc1 Rd7 34. Rb8+
1-0